00534nam a2200109Ia 4500008004100000020002200041041001200063100006800075245003300143260003200176650021600208231221s9999 xx 000 0 und d a978-0-387-85595-0 aEnglish aDavid E. Gilsinn, Tamás Kalmár-Nagy, Balakumar Balachandran 0aDelay Differential Equations c2009bSpringer USaNew York aVibration, Dynamical Systems, Control; Statistical Physics, Dynamical Systems and Complexity; Computational Intelligence; Systems Theory, Control; Control, Robotics, Mechatronics; Ordinary Differential Equations